Most used Tanks in Conflicts - Statistics

General Stats
  • This quiz has been taken 132 times
  • The average score is 10 of 20
Answer Stats
Place No# of wars/conflict participated in Name Country of Origin Classification % Correct
6 19 T-34 Soviet Union Medium Tank
91%
1 54 T-54/55 Soviet Union Main Battle Tank
86%
3 30 T-72 Soviet Union Main Battle Tank
86%
8 18 M4 Sherman United States Medium Tank
85%
2 33 T-62 Soviet Union Main Battle Tank
79%
18 8 Merkava Israel Main Battle Tank
61%
17 8 IS-2 Soviet Union Heavy Tank
57%
5 20 M60 Patton United States Main Battle Tank
55%
10 15 M48 Patton United States Main Battle Tank
54%
11 15 Centurion United Kingdom Main Battle Tank
52%
4 22 PT-76 Soviet Union Amphibious Light Tank
48%
9 15 M3 Stuart United States Light Tank
44%
12 13 AMX-13 France Light Tank
41%
15 11 M24 Chaffee United States Light Tank
35%
14 12 M47 Patton United States Main Battle Tank
34%
20 7 T-26 Soviet Union Light Tank
33%
19 7 M41 Walker Bulldog United States Light Tank
30%
7 18 Renault FT France Light Tank
30%
13 12 Type 59 China Main Battle Tank
29%
16 10 L3/35 Italy Tankette
20%
No matching quizzes found
Score Distribution
Percent of People with Each Score
Percentile by Number Answered
Your Score History
You have not taken this quiz